Нормален изглед
MARC изглед
- Кисьов, Здравко Крумов
Вход 01. Лично име
001 - Контролен номер на записа
- Контролно поле: 79339
003 - Код на организацията, даваща контролен номер
- Контролно поле: BLK
005 - Дата и час на последна промяна на записа
- Контролно поле: 20241108163736.0
008 - Данни с фиксирана дължина – обща информация
- Данни с фиксирана дължина : 180403n| acnz|abbn | aba d
100 1# - ИМЕ НА ЛИЦЕ -ПЪРВИЧНА ИНТЕЛЕКТУАЛНА ОТГОВОРНОСТ
- Лично име: Кисьов, Здравко Крумов
- Дати, свързани с автора: 1937-2015
- Друга информация: Поет. Преводач.
372 ## - Сфера на дейност
- Сфера на дейност: Литературовед, журналист. Почетен гражданин на град Русе (2007).
942 ## - Системна служебна употреба
- Koha auth type: PERSO_NAME